Nghiên cứu đặc điểm nguồn nước và tình hình cung cấp nước sinh hoạt trên địa bàn huyện Hòa Vang TP. Đà Nẵng. Các biện pháp bảo vệ và xử lý
Cơ sở lý luận chung. Đặc điểm nguồn nước và tình hình cung cấp nước sinh hoạt trên địa bàn huyện Hòa Vang. Hiện trạng nguồn nước sinh hoạt ở Hòa vang - các biện pháp bảo vệ và xử lý.
Đã lưu trong:
| 主要作者: | |
|---|---|
| 其他作者: | |
| 格式: | 圖書 |
| 語言: | Vietnamese |
| 出版: |
Đại học Đà Nẵng
Trường Đại học Sư phạm
2009
|
| 叢編: | Khóa luận tốt nghiệp Đại học. Chuyên ngành: Cư nhân Địa lý
|
| 主題: | |
| 標簽: |
添加標簽
沒有標簽, 成為第一個標記此記錄!
|
| Thư viện lưu trữ: | Mạng thư viện Đại học Đà Nẵng |
|---|
| LEADER | 01695nam a2200349 4500 | ||
|---|---|---|---|
| 001 | 000011193 | ||
| 003 | 7426 | ||
| 005 | 20120202140256.0 | ||
| 008 | 120202s2009 viesd | ||
| 041 | |a vie | ||
| 072 | |a Khóa luận tốt nghiệp | ||
| 082 | |a 628.112 |b ĐÔ-P | ||
| 100 | 1 | |a Đỗ, Diệp Uyên Phương | |
| 245 | 1 | |a Nghiên cứu đặc điểm nguồn nước và tình hình cung cấp nước sinh hoạt trên địa bàn huyện Hòa Vang TP. Đà Nẵng. Các biện pháp bảo vệ và xử lý |c Đỗ, Diệp Uyên Phương | |
| 260 | |a Đại học Đà Nẵng |b Trường Đại học Sư phạm |c 2009 | ||
| 300 | |a 66 tr. |b ảnh m.họa + bảng |c 29 cm | ||
| 490 | |a Khóa luận tốt nghiệp Đại học. Chuyên ngành: Cư nhân Địa lý | ||
| 500 | |a Tham khảo tr. 66 | ||
| 520 | |a Cơ sở lý luận chung. Đặc điểm nguồn nước và tình hình cung cấp nước sinh hoạt trên địa bàn huyện Hòa Vang. Hiện trạng nguồn nước sinh hoạt ở Hòa vang - các biện pháp bảo vệ và xử lý. | ||
| 653 | |a Khóa luận tốt nghiệp Đại học | ||
| 653 | |a Khoa Địa lý | ||
| 700 | 1 | |a Đậu, Thị Hòa |c TS |e Hướng dẫn | |
| OWN | |a LSP | ||
| AVA | |a UDN50 |b LSP |d 628.112 ĐÔ-P |e available |t Error 5001 Not defined in file expand_doc_bib_avail. |f 1 |g 0 |h N |i 0 |k 1 | ||
| 999 | |a From the UDN01 | ||
| AVA | |a UDN50 |b LSP |d 628.112 ĐÔ-P |e available |t Error 5001 Not defined in file expand_doc_bib_avail. |f 1 |g 0 |h N |i 0 |k 1 | ||
| TYP | |a Monograph | ||
| TYP | |a Printed language | ||
| 980 | |a Mạng thư viện Đại học Đà Nẵng | ||